000 01073cam a2200241 4500
001 WB4015-09
008 040421n2004 000 0 eng u
035 _a(Sirsi) u125894
245 _aImpact of EU enlargement
260 _c2004
490 _aDTZ RESEARCH
_v April 2004, 1(1)
520 _aA new DTZ report "The impact of EU enlargement: business, location and investment strategies" summarises the findings of a project on the impact of EU enlargement on business, location and investment strategies. Examines the significance of EU enlargement, transitional dynamics, the new economic geography of the EU and commercial real estate markets. The full report costs £50 to download. A summary of Content is available for free download at http://www.dtzresearch.com/default.asp?doc=1790.
590 _aWB
590 _aWB
650 _aEU ENLARGEMENT
650 _aREAL ESTATE MARKETS
650 _aINVESTMENT STRATEGIES
650 _aEUROPEAN UNION
650 _aLOCATIONAL FACTORS
650 _aBUSINESSES
690 _aECONOMIC ISSUES
942 _n0
999 _c117223
_d117223